[Event "SLO-chT2 West"]
[Site "Komenda"]
[Date "2016.11.27"]
[Round "9.3"]
[White "Malkoc, Tilen"]
[Black "Stanic, Vitko"]
[Result "1/2-1/2"]
[WhiteElo "1738"]
[BlackElo "1764"]
[PlyCount "112"]
[EventDate "2016.11.11"]
[EventType "team-tourn"]
[EventRounds "9"]
[EventCountry "SLO"]
[SourceTitle "EXT 2019"]
[Source "ChessBase"]
[SourceDate "2018.10.10"]
[SourceVersion "1"]
[SourceVersionDate "2018.10.10"]
[SourceQuality "1"]
[WhiteTeam "Postojna"]
[BlackTeam "Loska Dolina"]
[WhiteTeamCountry "SLO"]
[BlackTeamCountry "SLO"]

1. Nf3 d5 2. d4 Nf6 3. g3 g6 4. Bg2 Bg7 5. 0-0 Nbd7 6. Nbd2 0-0 7. c4 e6 8. Qc2 c6 9. e4 dxe4 10. Nxe4 Nxe4 11. Qxe4 Nf6 12. Qc2 Re8 13. Re1 Bd7 14. Qb3 Qb6 15. Qxb6 axb6 16. Ne5 h6 17. Be3 Bc8 18. a3 Nd7 19. Nxd7 Bxd7 20. Rad1 Ra4 21. Rc1 Rea8 22. Rc2 Kh7 23. Rd1 Be8 24. d5 R4a6 25. dxc6 bxc6 26. Bd4 Rb8 27. Bxg7 Kxg7 28. Rd6 c5 29. Bc6 Bxc6 30. Rxc6 Rd8 31. Rc3 Rd4 32. b4 cxb4 33. axb4 Ra1+ 34. Kg2 b5 35. Rc5 bxc4 36. R5xc4 Rdd1 37. Rb3 Rab1 38. Rcc3 Rxb3 39. Rxb3 Rd6 40. b5 Rb6 41. Kf3 Kf6 42. Ke4 Ke7 43. Kd4 Kd6 44. Kc4 h5 45. Rd3+ Kc7 46. Kc5 Rb8 47. Ra3 Kb7 48. Rf3 f5 49. Re3 Rc8+ 50. Kd6 Rc2 51. f4 Rxh2 52. Rxe6 h4 53. gxh4 Rxh4 54. Ke5 Rg4 55. Rc6 g5 56. Kxf5 Rxf4+ 1/2-1/2

[Event "SLO-chT2 West"]
[Site "Komenda"]
[Date "2016.11.12"]
[Round "2.3"]
[White "Malkoc, Tilen"]
[Black "Torkar, Boris"]
[Result "1-0"]
[WhiteElo "1738"]
[BlackElo "1864"]
[PlyCount "105"]
[EventDate "2016.11.11"]
[EventType "team-tourn"]
[EventRounds "9"]
[EventCountry "SLO"]
[SourceTitle "EXT 2019"]
[Source "ChessBase"]
[SourceDate "2018.10.10"]
[SourceVersion "1"]
[SourceVersionDate "2018.10.10"]
[SourceQuality "1"]
[WhiteTeam "Postojna"]
[BlackTeam "Radovljica"]
[WhiteTeamCountry "SLO"]
[BlackTeamCountry "SLO"]

1. Nf3 d5 2. d4 Bf5 3. e3 e6 4. Bd3 Bg4 5. b3 Nf6 6. Bb2 Bd6 7. Nbd2 c6 8. c4 Nbd7 9. Qc2 Qc7 10. h3 Bh5 11. 0-0-0 0-0-0 12. c5 Be7 13. b4 Rhe8 14. g4 Bg6 15. Bxg6 hxg6 16. Ng5 Rf8 17. f4 Kb8 18. a4 Ka8 19. Qb3 b6 20. Kc2 Rb8 21. Qa3 a5 22. Bc3 axb4 23. Bxb4 bxc5 24. dxc5 d4 25. exd4 Nd5 26. Rb1 Qxf4 27. Ngf3 Rb7 28. Rhe1 Rfb8 29. Qd3 Ra7 30. Ba3 Rxb1 31. Rxb1 Qe3 32. Qxe3 Nxe3+ 33. Kb3 Nd5 34. Nc4 Nf4 35. Nb6+ Nxb6 36. cxb6 Rb7 37. Bxe7 Rxe7 38. Kc4 Kb7 39. Rb3 f6 40. Kc5 Rd7 41. Nd2 Rd5+ 42. Kc4 Ne2 43. Nf3 Ra5 44. Rb4 Nf4 45. Nd2 Nd5 46. Nb3 Nxb6+ 47. Kd3 Ka6 48. Nxa5 Kxa5 49. Rb1 Nxa4 50. Kc4 g5 51. Ra1 f5 52. gxf5 exf5 53. Kb3 1-0

[Event "Portoroz op 10th"]
[Site "Portoroz"]
[Date "2016.07.30"]
[Round "9"]
[White "Meglic, Jaka"]
[Black "Malkoc, Tilen"]
[Result "1-0"]
[WhiteElo "1943"]
[BlackElo "1774"]
[PlyCount "137"]
[EventDate "2016.07.23"]
[EventType "swiss"]
[EventRounds "9"]
[EventCountry "SLO"]
[SourceTitle "EXT 2017"]
[Source "ChessBase"]
[SourceDate "2016.10.25"]
[SourceVersion "1"]
[SourceVersionDate "2016.10.25"]
[SourceQuality "1"]

1. e4 c6 2. d4 d5 3. Nc3 dxe4 4. Nxe4 Nd7 5. Ng5 Ngf6 6. Bd3 h6 7. Ne6 Qb6 8. Nxf8 Rxf8 9. Nf3 e6 10. c3 Ke7 11. Qe2 Re8 12. 0-0 Kf8 13. Bf4 Kg8 14. Ne5 Qd8 15. Nxd7 Qxd7 16. Be5 Qe7 17. Qf3 Nd7 18. Qe4 f5 19. Qe3 Nxe5 20. Qxe5 Kf7 21. f4 Qf6 22. Rfe1 Qxe5 23. Rxe5 Bd7 24. Rae1 g6 25. Kf2 Rad8 26. Bc4 Kf6 27. h3 h5 28. a4 a6 29. h4 Rb8 30. a5 Rbc8 31. Ke3 Ke7 32. Kd3 Kd6 33. Rc5 Kc7 34. Kc2 Kd6 35. Kb3 Rb8 36. Ka3 Rec8 37. Re3 Re8 38. Rce5 Rbc8 39. Kb4 Rb8 40. Rg3 Rg8 41. Ree3 Rg7 42. Rg5 Rh8 43. Bd3 Rgg8 44. Re5 Rg7 45. c4 Re8 46. Kc3 Bc8 47. Rg3 Bd7 48. Bc2 Rf8 49. Bd1 Rh8 50. Bb3 Re8 51. Rge3 Rge7 52. c5+ Kc7 53. d5 cxd5 54. Bxd5 Bc8 55. b4 Bd7 56. Bc4 Bc8 57. g3 Kc6 58. Bb3 Kc7 59. Re1 Kb8 60. Rd1 Rd7 61. Rxd7 Bxd7 62. Re3 Kc7 63. Kd4 Kd8 64. Ke5 Ke7 65. Rd3 Bc8 66. Rd6 Kf7 67. Bc4 Re7 68. Rd8 Rc7 69. Rxc8 1-0

[Event "Portoroz op 10th"]
[Site "Portoroz"]
[Date "2016.07.29"]
[Round "8"]
[White "Malkoc, Tilen"]
[Black "Urh, Zala"]
[Result "1/2-1/2"]
[WhiteElo "1774"]
[BlackElo "1977"]
[PlyCount "109"]
[EventDate "2016.07.23"]
[EventType "swiss"]
[EventRounds "9"]
[EventCountry "SLO"]
[SourceTitle "CBM 173 Extra"]
[Source "ChessBase"]
[SourceDate "2016.08.29"]
[SourceVersion "1"]
[SourceVersionDate "2016.08.29"]
[SourceQuality "1"]

1. Nf3 Nf6 2. g3 d5 3. Bg2 c5 4. d3 Nc6 5. 0-0 e5 6. Nbd2 Be7 7. e4 0-0 8. Re1 d4 9. Nc4 Qc7 10. Qe2 b5 11. Na3 a6 12. Rf1 Bg4 13. h3 Bh5 14. g4 Bg6 15. Nh4 Nd7 16. Nxg6 fxg6 17. Nb1 Nb6 18. Nd2 Nd8 19. Nf3 Ne6 20. c3 dxc3 21. bxc3 Rad8 22. Be3 Rd7 23. Rfd1 Rfd8 24. Rac1 Qb8 25. a3 g5 26. Qa2 c4 27. Bxb6 Qxb6 28. Nxe5 Rd6 29. d4 Nf4 30. Bf1 Rh6 31. Kh2 Qc7 32. a4 Bd6 33. axb5 axb5 34. f3 Bxe5 35. dxe5 Rxd1 36. Rxd1 Qxe5 37. Qa8+ Kf7 38. Rd7+ Kf6 39. Qf8+ Kg6 40. Qf5+ Qxf5 41. exf5+ Kf6 42. Rb7 Nd5 43. Rxb5 Nxc3 44. Rb6+ Ke5 45. Rxh6 gxh6 46. Bxc4 Kf6 47. Kg3 Na4 48. f4 Nb6 49. Bg8 Kg7 50. Bb3 Kf6 51. fxg5+ hxg5 52. Kf3 Nd7 53. Be6 Ne5+ 54. Ke4 h6 55. Ke3 1/2-1/2

[Event "Portoroz op 10th"]
[Site "Portoroz"]
[Date "2016.07.28"]
[Round "7"]
[White "Skrbec, Leon"]
[Black "Malkoc, Tilen"]
[Result "0-1"]
[WhiteElo "1426"]
[BlackElo "1774"]
[PlyCount "146"]
[EventDate "2016.07.23"]
[EventType "swiss"]
[EventRounds "9"]
[EventCountry "SLO"]
[SourceTitle "CBM 173 Extra"]
[Source "ChessBase"]
[SourceDate "2016.08.29"]
[SourceVersion "1"]
[SourceVersionDate "2016.08.29"]
[SourceQuality "1"]

1. Nf3 Nf6 2. c4 e6 3. g3 d5 4. b3 c6 5. Bg2 Bd6 6. Bb2 Nbd7 7. 0-0 0-0 8. e3 b6 9. Qe2 Ba6 10. d3 Rc8 11. Nc3 Bb7 12. Rac1 a6 13. d4 Qe7 14. Rfd1 Rfd8 15. e4 dxe4 16. Nxe4 Nxe4 17. Qxe4 Nf6 18. Qe2 c5 19. Ne5 Bxg2 20. Kxg2 Qb7+ 21. Kg1 Qc7 22. Ng4 Nxg4 23. Qxg4 cxd4 24. Bxd4 Be5 25. Qe4 Bxd4 26. Rxd4 Rxd4 27. Qxd4 Rd8 28. Qe3 Qd6 29. c5 bxc5 30. Qxc5 Kf8 31. Qxd6+ Rxd6 32. Rc5 Ke7 33. Kf1 Kf6 34. Ke2 e5 35. Ke3 Ke6 36. h3 f5 37. Rc8 g5 38. g4 f4+ 39. Kf3 Kf6 40. Rc7 h6 41. Rb7 Ke6 42. Rc7 Rd3+ 43. Kg2 e4 44. Rc6+ Rd6 45. Rxd6+ Kxd6 46. Kf1 Kc5 47. a3 Kd4 48. Ke2 Kc3 49. b4 Kb3 50. Kd2 Kxa3 51. Kc3 e3 52. fxe3 fxe3 53. Kd3 e2 54. Kxe2 Kxb4 55. Kd2 Kb3 56. Kc1 Kc3 57. Kb1 Kd3 58. Kb2 Ke3 59. Kb3 Kf3 60. Kb4 Kg3 61. Ka5 Kxh3 62. Kxa6 Kxg4 63. Kb5 h5 64. Kc4 h4 65. Kd4 h3 66. Ke3 h2 67. Kf2 h1Q 68. Ke3 Qd5 69. Ke2 Qb3 70. Kd2 Kf3 71. Ke1 Ke3 72. Kf1 Qd3+ 73. Ke1 Qe2# 0-1

[Event "Portoroz op 10th"]
[Site "Portoroz"]
[Date "2016.07.25"]
[Round "4"]
[White "Malkoc, Tilen"]
[Black "Mohr, Pablo"]
[Result "1-0"]
[WhiteElo "1774"]
[BlackElo "1587"]
[PlyCount "51"]
[EventDate "2016.07.23"]
[EventType "swiss"]
[EventRounds "9"]
[EventCountry "SLO"]
[SourceTitle "CBM 173 Extra"]
[Source "ChessBase"]
[SourceDate "2016.08.29"]
[SourceVersion "1"]
[SourceVersionDate "2016.08.29"]
[SourceQuality "1"]

1. Nf3 d5 2. g3 Nf6 3. Bg2 c5 4. 0-0 e6 5. d3 Be7 6. Nbd2 0-0 7. e4 Nc6 8. Re1 Qc7 9. c3 Rd8 10. a3 b6 11. e5 Nd7 12. d4 Bb7 13. Nf1 c4 14. h4 b5 15. Ng5 h6 16. Nh3 a5 17. Qg4 Kh7 18. Qh5 Kg8 19. f4 Rf8 20. g4 Qd8 21. Re2 Qe8 22. g5 hxg5 23. Nxg5 Bxg5 24. hxg5 Qd8 25. Be4 f5 26. g6 1-0

[Event "Portoroz op 10th"]
[Site "Portoroz"]
[Date "2016.07.23"]
[Round "1"]
[White "Jusic, Zdenko"]
[Black "Malkoc, Tilen"]
[Result "1-0"]
[WhiteElo "2258"]
[BlackElo "1774"]
[PlyCount "71"]
[EventDate "2016.07.23"]
[EventType "swiss"]
[EventRounds "9"]
[EventCountry "SLO"]
[SourceTitle "CBM 173 Extra"]
[Source "ChessBase"]
[SourceDate "2016.08.29"]
[SourceVersion "1"]
[SourceVersionDate "2016.08.29"]
[SourceQuality "1"]

1. e4 c6 2. c4 d5 3. e5 Bf5 4. d4 e6 5. Nc3 dxc4 6. Bxc4 Ne7 7. h4 h6 8. g4 Bh7 9. Nge2 Nd7 10. Ng3 Nb6 11. Bb3 Ned5 12. g5 Bb4 13. Bd2 Qe7 14. Nxd5 Nxd5 15. Bxd5 exd5 16. Bxb4 Qxb4+ 17. Qd2 Qxd2+ 18. Kxd2 hxg5 19. hxg5 Kd7 20. Ke3 Bg6 21. Kf4 Rxh1 22. Rxh1 Ke6 23. Kg4 Bd3 24. f4 g6 25. Rh6 Ke7 26. f5 b6 27. Kf4 c5 28. Rh7 Bxf5 29. Nxf5+ gxf5 30. g6 Ke6 31. Rxf7 cxd4 32. Rf6+ Ke7 33. Kxf5 Rh8 34. Rf7+ Ke8 35. Rxa7 Rf8+ 36. Ke6 1-0

[Event "SLO-ch U20"]
[Site "Bled"]
[Date "2016.06.28"]
[Round "6"]
[White "Malkoc, Tilen"]
[Black "Zidar, Jernej"]
[Result "1-0"]
[WhiteElo "1713"]
[BlackElo "1258"]
[PlyCount "87"]
[EventDate "2016.06.25"]
[EventType "swiss"]
[EventRounds "7"]
[EventCountry "SLO"]
[SourceTitle "EXT 2019"]
[Source "ChessBase"]
[SourceDate "2018.10.10"]
[SourceVersion "1"]
[SourceVersionDate "2018.10.10"]
[SourceQuality "1"]

1. Nf3 d5 2. g3 c5 3. Bg2 Nf6 4. 0-0 Nc6 5. d3 Bf5 6. Nbd2 e6 7. Re1 Bd6 8. e4 Bg4 9. Qe2 Be7 10. c3 d4 11. h3 dxc3 12. bxc3 Bh5 13. g4 Bg6 14. Bb2 0-0 15. Rad1 Qc7 16. d4 Rfd8 17. Qe3 cxd4 18. cxd4 Rd7 19. Rc1 Qb6 20. Bc3 Rad8 21. Nc4 Qc7 22. Nce5 Nxe5 23. Nxe5 Rd6 24. Bb4 Qb6 25. Bxd6 Qxd6 26. Nxg6 hxg6 27. e5 Qb6 28. exf6 Bxf6 29. d5 Bd4 30. Qf4 e5 31. Qf3 Rd6 32. g5 f6 33. Rc8+ Kh7 34. h4 f5 35. h5 e4 36. Qe2 Rxd5 37. hxg6+ Qxg6 38. Qc4 Qd6 39. Qb3 b6 40. Qh3+ Kg6 41. Rh8 Kf7 42. Qh5+ Qg6 43. Rf8+ Kxf8 44. Qxg6 1-0

[Event "SLO-CupT"]
[Site "Portoroz"]
[Date "2016.03.13"]
[Round "4"]
[White "Malkoc, Tilen"]
[Black "Rozman, Mitja"]
[Result "0-1"]
[WhiteElo "1711"]
[BlackElo "2085"]
[PlyCount "168"]
[EventDate "2016.03.11"]
[EventType "team-swiss"]
[EventRounds "5"]
[EventCountry "SLO"]
[SourceTitle "EXT 2019"]
[Source "ChessBase"]
[SourceDate "2018.10.10"]
[SourceVersion "1"]
[SourceVersionDate "2018.10.10"]
[SourceQuality "1"]
[WhiteTeam "Postojna"]
[BlackTeam "Prevodi Dvojka"]
[WhiteTeamCountry "SLO"]
[BlackTeamCountry "SLO"]

1. e4 c6 2. d4 d6 3. Bc4 d5 4. exd5 cxd5 5. Bb3 Nc6 6. c3 Nf6 7. Bf4 Bf5 8. Nf3 e6 9. 0-0 Be7 10. Re1 0-0 11. Nbd2 b5 12. Nf1 h6 13. Ng3 Bh7 14. Qe2 Qb6 15. Be3 Na5 16. Bc2 Bxc2 17. Qxc2 Rfc8 18. Qe2 b4 19. cxb4 Bxb4 20. Rec1 Bd6 21. Ne5 Rab8 22. b3 Ba3 23. Rd1 Rb7 24. Qf3 Qd8 25. Bc1 Bf8 26. Bd2 Nc6 27. Nxc6 Rxc6 28. Rac1 Rbc7 29. Rxc6 Rxc6 30. Rc1 Rxc1+ 31. Bxc1 Qa5 32. Qe2 Bd6 33. Qd2 Qc7 34. Bb2 Qb6 35. Qc3 Qa6 36. a4 Bxg3 37. hxg3 Ne4 38. Qc2 Qb6 39. Qd3 Qb4 40. Qe3 Kh8 41. Kh2 Kg8 42. f3 Nd6 43. Qc3 Qb8 44. b4 Nf5 45. f4 g5 46. Bc1 f6 47. Qc6 Ng7 48. b5 Qe8 49. Qc7 Qh5+ 50. Kg1 Qd1+ 51. Kh2 Qxa4 52. Qd8+ Kf7 53. Qc7+ Kg6 54. fxg5 hxg5 55. Qxa7 Qxb5 56. Qa2 Qd3 57. Qd2 Qxd2 58. Bxd2 Kf5 59. Bc3 Ke4 60. g4 Ne8 61. Kg3 Kd3 62. Bb2 Nd6 63. Ba3 Ne4+ 64. Kf3 Kxd4 65. g3 Kc4 66. Be7 Kb5 67. Ke3 Kc6 68. Kf3 Kd7 69. Ba3 Nd6 70. Bc5 Nc4 71. Bd4 Ke7 72. Bc5+ Kf7 73. Ke2 Ne5 74. Bd6 Nxg4 75. Kf3 Nh6 76. g4 f5 77. gxf5 exf5 78. Be5 Ng4 79. Bb2 Ke6 80. Bd4 Ne5+ 81. Kg3 f4+ 82. Kh3 Kf5 83. Bc5 g4+ 84. Kg2 Ke4 0-1

[Event "Nova Gorica op 21st"]
[Site "Nova Gorica"]
[Date "2016.01.31"]
[Round "4"]
[White "Kersten, Julian"]
[Black "Malkoc, Tilen"]
[Result "1/2-1/2"]
[WhiteElo "1971"]
[BlackElo "1747"]
[PlyCount "110"]
[EventDate "2016.01.29"]
[EventType "swiss"]
[EventRounds "9"]
[EventCountry "SLO"]
[SourceTitle "CBM 170 Extra"]
[Source "ChessBase"]
[SourceDate "2016.02.25"]
[SourceVersion "1"]
[SourceVersionDate "2016.02.25"]
[SourceQuality "1"]

1. g3 d5 2. Nf3 Nf6 3. Bg2 Bf5 4. c4 c6 5. cxd5 cxd5 6. Qb3 Qd7 7. d3 Nc6 8. Bf4 e6 9. 0-0 Be7 10. Nbd2 0-0 11. h3 h6 12. Ne5 Nxe5 13. Bxe5 Rac8 14. Rfd1 Bg6 15. e4 dxe4 16. dxe4 Rc5 17. Bc3 Qc8 18. Bd4 Rc2 19. Bc3 Rxd2 20. Bxd2 Nxe4 21. Rac1 Nxd2 22. Rxc8 Nxb3 23. Rxf8+ Kxf8 24. axb3 b5 25. Rd7 a5 26. Rb7 Bb4 27. Rxb5 Bc2 28. f4 Bxb3 29. Kf2 Bc4 30. Rb7 Bc5+ 31. Ke1 Bb4+ 32. Kd1 Bb3+ 33. Kc1 Ba4 34. Bf1 g5 35. Bc4 Bc6 36. Rb6 Bg2 37. f5 exf5 38. Rxh6 Kg7 39. Ra6 Bxh3 40. Ra7 Be1 41. Bxf7 Kf6 42. Bd5 Bxg3 43. Rxa5 g4 44. Kd2 f4 45. Ke2 Bh4 46. b4 g3 47. Ra1 Ke5 48. Bf3 Be6 49. Rc1 Kd4 50. Kf1 Bc4+ 51. Kg2 Be7 52. Rd1+ Kc3 53. Rc1+ Kxb4 54. Re1 Bd6 55. Rd1 Be7 1/2-1/2

[Event "Nova Gorica op 21st"]
[Site "Nova Gorica"]
[Date "2016.01.29"]
[Round "1"]
[White "Malkoc, Tilen"]
[Black "Janzelj, Lara"]
[Result "0-1"]
[WhiteElo "1747"]
[BlackElo "2205"]
[PlyCount "42"]
[EventDate "2016.01.29"]
[EventType "swiss"]
[EventRounds "9"]
[EventCountry "SLO"]
[SourceTitle "CBM 170 Extra"]
[Source "ChessBase"]
[SourceDate "2016.02.25"]
[SourceVersion "1"]
[SourceVersionDate "2016.02.25"]
[SourceQuality "1"]

1. d4 d5 2. c4 c6 3. Nc3 dxc4 4. a4 Nf6 5. e4 e5 6. dxe5 Qxd1+ 7. Kxd1 Ng4 8. Ke1 Nxe5 9. f4 Nd3+ 10. Bxd3 cxd3 11. Kd2 Na6 12. Kxd3 Nb4+ 13. Ke2 Be6 14. Be3 0-0-0 15. Nf3 Nd3 16. Nd2 Nxb2 17. f5 Bc4+ 18. Nxc4 Nxc4 19. Bxa7 Rd2+ 20. Kf1 b6 21. Rb1 Rc2 0-1

[Event "Rijeka Paris Memorial 36th"]
[Site "Rijeka"]
[Date "2015.07.08"]
[Round "7"]
[White "Jurotic, Nino"]
[Black "Malkoc, Tilen"]
[Result "0-1"]
[WhiteElo "1802"]
[BlackElo "1684"]
[PlyCount "52"]
[EventDate "2015.07.03"]
[EventType "swiss"]
[EventRounds "9"]
[EventCountry "CRO"]
[SourceTitle "CBM 167 Extra"]
[Source "ChessBase"]
[SourceDate "2015.09.14"]
[SourceVersion "1"]
[SourceVersionDate "2015.09.14"]
[SourceQuality "1"]

1. d4 d5 2. c4 e6 3. Nc3 c6 4. cxd5 exd5 5. Nf3 Nf6 6. Bg5 Be7 7. Bxf6 Bxf6 8. e4 dxe4 9. Nxe4 Be7 10. Bc4 0-0 11. Qb3 b5 12. Be2 Nd7 13. Ne5 Bb7 14. Nxd7 Qxd7 15. Nc5 Qxd4 16. Nxb7 Qb6 17. a4 Qxb7 18. axb5 a6 19. b6 Bc5 20. 0-0 Bxb6 21. Rfc1 Bxf2+ 22. Kxf2 Qxb3 23. Rxc6 Qxb2 24. Rac1 Rfe8 25. R1c2 Qd4+ 26. Kf1 a5 0-1

[Event "Rijeka Paris Memorial 36th"]
[Site "Rijeka"]
[Date "2015.07.05"]
[Round "3"]
[White "Nastic, Milorad"]
[Black "Malkoc, Tilen"]
[Result "0-1"]
[WhiteElo "1907"]
[BlackElo "1684"]
[PlyCount "72"]
[EventDate "2015.07.03"]
[EventType "swiss"]
[EventRounds "9"]
[EventCountry "CRO"]
[SourceTitle "CBM 167 Extra"]
[Source "ChessBase"]
[SourceDate "2015.09.14"]
[SourceVersion "1"]
[SourceVersionDate "2015.09.14"]
[SourceQuality "1"]

1. e4 c5 2. Nf3 e6 3. e5 Nc6 4. Bb5 Nge7 5. 0-0 Ng6 6. Bxc6 dxc6 7. d3 Be7 8. Re1 0-0 9. Nc3 Qc7 10. b3 b5 11. Bb2 Bb7 12. a4 a6 13. Ne4 Rfd8 14. Qe2 Rd5 15. Qe3 Rad8 16. Nc3 R5d7 17. Ne2 Bf8 18. h4 Ne7 19. Qg5 Nf5 20. Qg4 Nh6 21. Qg3 Qb6 22. Bc3 c4 23. axb5 cxd3 24. cxd3 Rxd3 25. Ba5 Qxb5 26. Bxd8 Rxd8 27. Ned4 Qb6 28. Rab1 Bc5 29. Red1 Bxd4 30. Qf4 Bxf2+ 31. Kh1 Rd5 32. Ng5 Be3 33. Qg3 Nf5 34. Qf3 c5 35. g4 Rxd1+ 36. Rxd1 Bxf3+ 0-1

[Event "SLO-chT U16"]
[Site "Debeli Rtic"]
[Date "2015.05.15"]
[Round "2"]
[White "Malkoc, Tilen"]
[Black "Novakovic, Julian"]
[Result "0-1"]
[WhiteElo "1609"]
[BlackElo "1820"]
[PlyCount "92"]
[EventDate "2015.05.15"]
[EventType "swiss"]
[EventRounds "6"]
[EventCountry "SLO"]
[SourceTitle "EXT 2023"]
[Source "ChessBase"]
[SourceDate "2022.10.05"]
[SourceVersion "1"]
[SourceVersionDate "2022.10.05"]
[SourceQuality "1"]

1. e4 d6 2. d4 Nf6 3. Nc3 g6 4. Nf3 Bg7 5. Bd3 0-0 6. 0-0 Bg4 7. h3 Bxf3 8. Qxf3 Nc6 9. Ne2 e5 10. c3 Nd7 11. Be3 a6 12. Qg3 Qe7 13. f4 exd4 14. Nxd4 Rae8 15. Nxc6 bxc6 16. Rae1 Nf6 17. Bc1 Nh5 18. Qf3 f5 19. Re2 Qh4 20. Rfe1 fxe4 21. Bxe4 Kh8 22. Qf2 Qxf2+ 23. Kxf2 Nxf4 24. Bxf4 Rxf4+ 25. Kg3 Be5 26. Bxc6 Ref8 27. Rxe5 dxe5 28. Rxe5 h5 29. Bf3 R8f5 30. Re7 Rf7 31. Re6 R4f6 32. Re5 Kg7 33. b3 Kh6 34. Ra5 g5 35. Bb7 c5 36. Bf3 Rc7 37. Ra4 Rd7 38. Rc4 Rd2 39. a4 h4+ 40. Kg4 Rf2 41. b4 Kg6 42. Be4+ Kh6 43. Bf3 Rc2 44. bxc5 Rxc3 45. Rb4 Rxc5 46. Rd4 Rcf5 0-1

[Event "SLO-CupT"]
[Site "Novo Mesto"]
[Date "2015.03.28"]
[Round "3"]
[White "Malkoc, Tilen"]
[Black "Bajc, Aleksander"]
[Result "0-1"]
[WhiteElo "1615"]
[BlackElo "1579"]
[PlyCount "62"]
[EventDate "2015.03.27"]
[EventType "team-swiss"]
[EventRounds "5"]
[EventCountry "SLO"]
[SourceTitle "EXT 2019"]
[Source "ChessBase"]
[SourceDate "2018.10.10"]
[SourceVersion "1"]
[SourceVersionDate "2018.10.10"]
[SourceQuality "1"]
[WhiteTeam "Postojna"]
[BlackTeam "Krsko Triglav II"]
[WhiteTeamCountry "SLO"]
[BlackTeamCountry "SLO"]

1. Nf3 Nf6 2. d4 g6 3. g3 Bg7 4. Bg2 0-0 5. 0-0 d6 6. c4 c5 7. Nc3 Nbd7 8. e3 Rb8 9. b3 a6 10. a4 cxd4 11. Nxd4 Nc5 12. b4 Ne6 13. Bb2 Bd7 14. b5 Qc7 15. Nxe6 Bxe6 16. Nd5 Nxd5 17. Bxg7 Nxe3 18. Qd4 Nf5 19. b6 Qd7 20. Qd2 Nxg7 21. Rac1 Bh3 22. Rfe1 Bxg2 23. Kxg2 Ne6 24. f4 Qc6+ 25. Kg1 Qxb6+ 26. Kg2 Qc6+ 27. Kg1 Rbc8 28. f5 Qc5+ 29. Kg2 Qxf5 30. Rf1 Qe4+ 31. Rf3 Nd4 0-1

[Event "Nova Gorica op-A 20th"]
[Site "Nova Gorica"]
[Date "2015.02.04"]
[Round "8"]
[White "Rozman, Monika"]
[Black "Malkoc, Tilen"]
[Result "1-0"]
[WhiteElo "1838"]
[BlackElo "1566"]
[PlyCount "47"]
[EventDate "2015.01.30"]
[EventType "swiss"]
[EventRounds "9"]
[EventCountry "SLO"]
[SourceTitle "CBM 164 Extra"]
[Source "ChessBase"]
[SourceDate "2015.03.02"]
[SourceVersion "1"]
[SourceVersionDate "2015.03.02"]
[SourceQuality "1"]

1. e4 e6 2. d4 d5 3. Nd2 Nf6 4. e5 Nfd7 5. Bd3 c5 6. c3 Nc6 7. Ne2 Qb6 8. Nf3 Be7 9. 0-0 0-0 10. Ng3 Kh8 11. Bb1 f6 12. exf6 Nxf6 13. b3 Bd6 14. Re1 cxd4 15. cxd4 Bb4 16. Re3 Ng4 17. Re2 Bc3 18. Qc2 g6 19. Qxc3 Bd7 20. Ba3 Rfe8 21. h3 Nf6 22. Bc2 Rac8 23. Qd2 Ne7 24. Qg5 1-0

[Event "Nova Gorica op-A 20th"]
[Site "Nova Gorica"]
[Date "2015.02.03"]
[Round "7"]
[White "Malkoc, Tilen"]
[Black "Mikuz, Slavko"]
[Result "1-0"]
[WhiteElo "1566"]
[BlackElo "1795"]
[PlyCount "95"]
[EventDate "2015.01.30"]
[EventType "swiss"]
[EventRounds "9"]
[EventCountry "SLO"]
[SourceTitle "CBM 164 Extra"]
[Source "ChessBase"]
[SourceDate "2015.03.02"]
[SourceVersion "1"]
[SourceVersionDate "2015.03.02"]
[SourceQuality "1"]

1. d4 d5 2. Nf3 Nf6 3. g3 h6 4. Bg2 Bf5 5. b3 Nbd7 6. Bb2 e6 7. Nbd2 c5 8. e3 Rc8 9. c4 Be7 10. 0-0 0-0 11. Rc1 Re8 12. a3 Qb6 13. cxd5 exd5 14. dxc5 Bxc5 15. b4 Be7 16. Qe2 a6 17. Bd4 Qd8 18. Nb3 Be4 19. Na5 Rxc1 20. Rxc1 Qb8 21. Qd2 Rc8 22. Rc3 Bd8 23. Nb3 Rxc3 24. Qxc3 Qc7 25. Nc5 Qc6 26. Nxe4 dxe4 27. Qxc6 bxc6 28. Nd2 a5 29. bxa5 Bxa5 30. Nxe4 Nxe4 31. Bxe4 c5 32. Bb2 Nb6 33. Bd3 c4 34. Bc2 c3 35. Bc1 Nc4 36. Kf1 Bb6 37. Ke2 Bc5 38. a4 Nb2 39. Bb3 Bb4 40. e4 Kf8 41. Be3 Ke7 42. Bd4 Ba5 43. Bxg7 h5 44. Bd4 f6 45. f4 c2 46. Bxb2 Bc3 47. Ba3+ Kd7 48. Bxc2 1-0

[Event "Nova Gorica op-A 20th"]
[Site "Nova Gorica"]
[Date "2015.02.01"]
[Round "4"]
[White "Malkoc, Tilen"]
[Black "Nardin, Flavij"]
[Result "1/2-1/2"]
[WhiteElo "1566"]
[BlackElo "1819"]
[PlyCount "64"]
[EventDate "2015.01.30"]
[EventType "swiss"]
[EventRounds "9"]
[EventCountry "SLO"]
[SourceTitle "CBM 164 Extra"]
[Source "ChessBase"]
[SourceDate "2015.03.02"]
[SourceVersion "1"]
[SourceVersionDate "2015.03.02"]
[SourceQuality "1"]

1. d4 d5 2. Nf3 Nc6 3. g3 Nf6 4. Bg2 Bg4 5. Nbd2 e6 6. 0-0 Be7 7. b3 Ne4 8. e3 Nc3 9. Qe1 Nb4 10. Nb1 Nxb1 11. Rxb1 Nxc2 12. Qc3 Nb4 13. Bd2 Bxf3 14. Bxf3 0-0 15. a3 Nc6 16. b4 a6 17. Qc2 Nb8 18. Rfc1 c6 19. Bc3 f5 20. a4 b5 21. axb5 axb5 22. Bd2 Qe8 23. Bg2 g5 24. f3 h6 25. e4 fxe4 26. fxe4 Qg6 27. exd5 Qxc2 28. Rxc2 exd5 29. Re1 Ra7 30. Rcc1 Bf6 31. Bc3 Ra3 32. Kh1 g4 1/2-1/2

[Event "Nova Gorica op-A 20th"]
[Site "Nova Gorica"]
[Date "2015.02.01"]
[Round "5"]
[White "Vodopivec, Vladimir"]
[Black "Malkoc, Tilen"]
[Result "1-0"]
[WhiteElo "1971"]
[BlackElo "1566"]
[PlyCount "69"]
[EventDate "2015.01.30"]
[EventType "swiss"]
[EventRounds "9"]
[EventCountry "SLO"]
[SourceTitle "CBM 164 Extra"]
[Source "ChessBase"]
[SourceDate "2015.03.02"]
[SourceVersion "1"]
[SourceVersionDate "2015.03.02"]
[SourceQuality "1"]

1. e4 e6 2. Nf3 d5 3. exd5 exd5 4. d4 Nf6 5. Bd3 Bd6 6. 0-0 0-0 7. Bg5 h6 8. Bh4 Bg4 9. Nbd2 c6 10. Re1 Qc7 11. Nf1 Nbd7 12. h3 Bh5 13. Bg3 Bxg3 14. Nxg3 Bg6 15. Bxg6 fxg6 16. Qd3 g5 17. Qg6 Rfe8 18. Nf5 Nf8 19. Nxh6+ Kh8 20. Qxg5 N8h7 21. Qg6 gxh6 22. Ne5 Re7 23. Qxh6 Rg7 24. Ng6+ Kg8 25. Re5 Qf7 26. Ne7+ Kh8 27. Rae1 Rb8 28. Nf5 Rg6 29. Qf4 Ng5 30. Ng3 Rbg8 31. Re7 Qf8 32. Qe5 Qh6 33. Kf1 R6g7 34. Rxg7 Re8 35. Re7 1-0

[Event "Nova Gorica op-A 20th"]
[Site "Nova Gorica"]
[Date "2015.01.31"]
[Round "2"]
[White "Malkoc, Tilen"]
[Black "Nemec, Hana"]
[Result "0-1"]
[WhiteElo "1566"]
[BlackElo "1808"]
[PlyCount "72"]
[EventDate "2015.01.30"]
[EventType "swiss"]
[EventRounds "9"]
[EventCountry "SLO"]
[SourceTitle "CBM 164 Extra"]
[Source "ChessBase"]
[SourceDate "2015.03.02"]
[SourceVersion "1"]
[SourceVersionDate "2015.03.02"]
[SourceQuality "1"]

1. d4 Nf6 2. Nf3 e6 3. g3 b6 4. Bg2 Bb7 5. 0-0 Be7 6. b3 0-0 7. Bb2 d5 8. Nbd2 Nbd7 9. c4 c5 10. e3 Rc8 11. Rc1 Qc7 12. Qc2 Rfd8 13. Rfd1 cxd4 14. Nxd4 dxc4 15. Qxc4 Qb8 16. Qe2 Nc5 17. Nc4 Bxg2 18. Kxg2 Nce4 19. f3 Nc5 20. Nb5 Rxd1 21. Rxd1 Rd8 22. Be5 Qa8 23. e4 Nfd7 24. b4 Nxe5 25. Nxe5 Na6 26. Rxd8+ Qxd8 27. Nc6 Qd7 28. Nbxa7 Nxb4 29. a3 Nxc6 30. Qb5 Qxa7 31. Qxc6 Bxa3 32. Qe8+ Bf8 33. Kh3 Qa5 34. f4 Qh5+ 35. Kg2 Qe2+ 36. Kh3 Qxe4 0-1